Curso de antropología integral / (Record no. 42982)

MARC details
000 -LEADER
campo de control de longitud fija 01051nam a2200241 i 4500
001 - NÚMERO DE CONTROL
campo de control 42982
003 - IDENTIFICADOR DE NÚMERO DE CONTROL
campo de control ES-MaACL
005 - FECHA Y HORA DE LA ÚLTIMA TRANSACCIÓN
campo de control 20250727024447.0
008 - DATOS DE LONGITUD FIJA--INFORMACIÓN GENERAL
campo de control de longitud fija 030314m19701973sp |||| | spa d
100 1# - ENTRADA PRINCIPAL--NOMBRE DE PERSONA
Nombre de persona Cencillo, Luis.
9 (RLIN) 37397
245 10 - MENCIÓN DEL TÍTULO
Título Curso de antropología integral /
Mención de responsabilidad, etc. Luis Cencillo.
260 ## - PUBLICACIÓN, DISTRIBUCIÓN, ETC.
Lugar de publicación, distribución, etc. Madrid :
Nombre del editor, distribuidor, etc. Universidad, Facultad de Filosofía y Letras :
-- Raycar,
Fecha de publicación, distribución, etc. 1970-1973.
300 ## - DESCRIPCIÓN FÍSICA
Extensión 3 v. ;
Dimensiones 24 cm.
490 1# - MENCIÓN DE SERIE
Mención de serie Syntagma. Serie B. ;
Designación de volumen o secuencia 1
505 8# - NOTA DE CONTENIDO CON FORMATO
Nota de contenido con formato Parte I: Objeto, métodos / Luis Cencillo. Parte II: Antropología física / Luis Cencillo, Mª Luisa Rodríguez de Maestre. Parte III: Antropología cultural y psicológica / Luis Cencillo, José Luis García
650 #7 - PUNTO DE ACCESO ADICIONAL DE MATERIA--TÉRMINO DE MATERIA
Término de materia o nombre geográfico como elemento de entrada Antropología física
Fuente del encabezamiento o término embne
9 (RLIN) 9893
700 1# - ENTRADA AGREGADA--NOMBRE PERSONAL
Nombre de persona Rodríguez de Maestre, María Luisa.
9 (RLIN) 98465
700 1# - ENTRADA AGREGADA--NOMBRE PERSONAL
Nombre de persona García, José Luis.
9 (RLIN) 54047
710 2# - ENTRADA AGREGADA--NOMBRE DE ENTIDAD CORPORATIVA
Nombre de entidad corporativa o nombre de jurisdicción como elemento de entrada Universidad Complutense de Madrid.
Unidad subordinada Facultad de Filosofía y Letras.
9 (RLIN) 7125
830 0# - PUNTO DE ACCESO ADICIONAL DE SERIE-TÍTULO UNIFORME
Título uniforme Syntagma. Serie B. ;
Designación de volumen o secuencia 1
9 (RLIN) 181972
852 ## - LOCALIZACIÓN
Ubicación ES-MaACL
Número de control de estantería C-54833-35
Holdings
Estatus retirado Estado de pérdida Estado de daño No para préstamo Biblioteca de origen Biblioteca actual Ubicación en estantería Fecha de adquisición Fuente de adquisición Total de préstamos Signatura topográfica completa Código de barras Visto por última vez Precio de reemplazo Tipo de ítem Koha
        Biblioteca del Ateneo de Madrid Biblioteca del Ateneo de Madrid Depósito 2 17/01/2008     C-54833-35 1045240 23/02/2023 23/02/2023 Libro impreso